000 00416nam a22001697a 4500
003 NUST - PNEC
005 20170116180918.0
008 150904b xxu||||| |||| 00| 0 eng d
040 _cLIBRARY
082 _a621.3 MOR
100 _97550
_a Morley, Arthur
245 _aPrinciples of electricity
_cMorley arthur
250 _a2nd ed.
260 _cc.1964
650 _97553
_aElectricity
_xEL
942 _2ddc
_cBK
999 _c65514
_d65514